Statistics for Rubik's Cube World Records

Click here to take the quiz!

General Stats

  • This quiz has been taken 31 times
  • The average score is 18 of 31

Answer Stats

Hint Answer % Correct
4.59Feliks Zemdegs
100%
4.74Mats Valk
96%
4.90Lucas Etter
96%
5.25Collin Burns
81%
4.69Patrick Ponce
69%
7.08Erik Akkersdijk
54%
22.95Minh Thai
46%
8.72Yu Nakajima
42%
4.59Steve Cho
35%
12.11Shotaro Makisumi
35%
9.55Ron Van Bruchem
31%
9.18Edouard Chambon
27%
10.48Toby Mao
23%
11.13Leyan Lo
23%
11.75Jean Pons
23%
16.71Dan Knights
23%
9.86Thibaut Jacquinot
19%
16.53Jess Bonde
19%

Score Distribution

Percentile by Number Answered

Percent of People with Each Score

Your Score History

You have not taken this quiz